000 00499nam a22001697a 4500
005 20251108172012.0
008 250721s1989 xx 000 0 ara d
082 1 4 _a811.6/فوز
100 1 _aعطوى، فوزي
245 1 0 _aالمتنبي شاعر السيف و القلم /
264 1 _aبيروت :
_bدار الفكر العربي،
_c1989.
300 _a96ص
490 0 _aاعلام الفكر العربي
650 1 7 _aالشعر العربي
942 _2ddc
_cBK
999 _c67991
_d67991